Living biographies of great philosophers / (Record no. 134980)

MARC details
000 -LEADER
fixed length control field 00741nam a22002417a 4500
005 - DATE AND TIME OF LATEST TRANSACTION
control field 20170124110238.0
010 ## - LIBRARY OF CONGRESS CONTROL NUMBER
LC control number A-372014
020 ## - INTERNATIONAL STANDARD BOOK NUMBER
Terms of availability 30.00
035 ## - SYSTEM CONTROL NUMBER
System control number A-372014
037 ## - SOURCE OF ACQUISITION
Source of stock number/acquisition Cen Lib/Ret
040 ## - CATALOGING SOURCE
Original cataloging agency DPL
Language of cataloging EN
082 ## - DEWEY DECIMAL CLASSIFICATION NUMBER
Classification number 180.92
Item number THO
100 ## - MAIN ENTRY--PERSONAL NAME
Personal name Thomas. Henry
9 (RLIN) 34546
245 ## - TITLE STATEMENT
Title Living biographies of great philosophers /
Statement of responsibility, etc by Henry Thomas [and] Dana Lee Thomas
260 ## - PUBLICATION, DISTRIBUTION, ETC. (IMPRINT)
Place of publication, distribution, etc Bombay
Name of publisher, distributor, etc Bhartiya vidya bhavan
Date of publication, distribution, etc 1988
270 ## - ADDRESS
City Bombay
Address Kulpati munshi marg
Postal code 400007
300 ## - PHYSICAL DESCRIPTION
Extent 285p.
Dimensions 16cm(Hb)
490 ## - SERIES STATEMENT
Series statement Essay index reprint series
650 ## - SUBJECT ADDED ENTRY--TOPICAL TERM
Topical term or geographic name as entry element Philosophy
9 (RLIN) 72792
650 ## - SUBJECT ADDED ENTRY--TOPICAL TERM
Topical term or geographic name as entry element Biographies
General subdivision Philosophers
9 (RLIN) 34548
700 ## - ADDED ENTRY--PERSONAL NAME
Personal name Thomas, Dana Lee
9 (RLIN) 34549
942 ## - ADDED ENTRY ELEMENTS (KOHA)
Source of classification or shelving scheme Dewey Decimal Classification
Koha item type English Books
Classification part 180.92
Call number suffix THO
Holdings
Withdrawn status Lost status Damaged status Not for loan Home library Current library Date acquired Source of acquisition Cost, normal purchase price Total Checkouts Full call number Barcode Date last seen Copy number Cost, replacement price Price effective from Koha item type
        Central Library Central Library 03/08/2015 Cen Lib/Ret 30.00   180.92 THO A-372014 03/08/2015 1 30.00 03/08/2015 English Books

© Delhi Public Library
Hit Counter
free hit counter